| 000 | 00425nam a22001577a 4500 | ||
|---|---|---|---|
| 999 |
_c11901 _d11901 |
||
| 008 | 210114b ||||| |||| 00| 0 eng d | ||
| 082 | 0 | 0 |
_a620.11 _bA374 |
| 100 |
_94171 _aBrewer, R. C. |
||
| 245 | 1 | 0 |
_aManufacturing properties of materials _cBy R. C. Brewer |
| 260 |
_aToronto _bVan Nostrand _c1963 |
||
| 300 | _axi,489 p. | ||
| 365 | _d63.00 | ||
| 650 | 0 | _aMaterials | |
| 700 |
_93187 _aAlexander, J. M. |
||
| 942 | _cBK | ||